<?xml version="1.0" encoding="UTF-8"?><record xmlns="http://www.loc.gov/MARC21/slim" xmlns:zs="http://docs.oasis-open.org/ns/search-ws/sruResponse">
  <leader>01833cam a2200373 i 4500</leader>
  <controlfield tag="001">5860611</controlfield>
  <controlfield tag="005">20250607225420.3</controlfield>
  <controlfield tag="008">820625t19041904mauaf  j      000 1 eng  </controlfield>
  <datafield ind1=" " ind2=" " tag="035">
    <subfield code="a">5860611</subfield>
  </datafield>
  <datafield ind1=" " ind2=" " tag="906">
    <subfield code="a">7</subfield>
    <subfield code="b">cbc</subfield>
    <subfield code="c">premver</subfield>
    <subfield code="d">2</subfield>
    <subfield code="e">ncip</subfield>
    <subfield code="f">19</subfield>
    <subfield code="g">y-genrareb</subfield>
  </datafield>
  <datafield ind1=" " ind2=" " tag="955">
    <subfield code="a">Item 00294580487 received in CCS 2009-10-06</subfield>
    <subfield code="a">Item 00294580487 left CCS 2009-10-07</subfield>
    <subfield code="a">Item 00294580487 left CCS 2009-10-07</subfield>
    <subfield code="a">Item 00294580487 left CCS 2009-10-26</subfield>
    <subfield code="i">he06 2017-10-20 NEW INPUT; qw09 2018-10r</subfield>
  </datafield>
  <datafield ind1=" " ind2=" " tag="010">
    <subfield code="a">   04029788 </subfield>
  </datafield>
  <datafield ind1=" " ind2=" " tag="040">
    <subfield code="a">DLC</subfield>
    <subfield code="b">eng</subfield>
    <subfield code="e">rda</subfield>
    <subfield code="c">CarP</subfield>
    <subfield code="d">DLC</subfield>
  </datafield>
  <datafield ind1=" " ind2=" " tag="042">
    <subfield code="a">pcc</subfield>
  </datafield>
  <datafield ind1="0" ind2="0" tag="050">
    <subfield code="a">PZ7.L913</subfield>
    <subfield code="b">Fif</subfield>
  </datafield>
  <datafield ind1=" " ind2=" " tag="051">
    <subfield code="a">PZ7.L913</subfield>
    <subfield code="b">Fif Copy 3</subfield>
    <subfield code="c">In original publisher's binding: green cloth with title and illustration of five children playing in a circle stamped in blue, gilt, yellow, and black on upper board. Copyright deposit: Oct. 21, 1904.</subfield>
  </datafield>
  <datafield ind1="1" ind2=" " tag="100">
    <subfield code="a">Sidney, Margaret,</subfield>
    <subfield code="d">1844-1924,</subfield>
    <subfield code="e">author.</subfield>
  </datafield>
  <datafield ind1="1" ind2="0" tag="245">
    <subfield code="a">Five little Peppers and their friends /</subfield>
    <subfield code="c">by Margaret Sidney, author of Five little Peppers abroad, A little maid of Concord town, Sally, Mrs. Tubbs, etc. ; illustrated by Eugenie M. Wireman.</subfield>
  </datafield>
  <datafield ind1=" " ind2="1" tag="264">
    <subfield code="a">Boston :</subfield>
    <subfield code="b">Lothrop Publishing Company,</subfield>
    <subfield code="c">[1904]</subfield>
  </datafield>
  <datafield ind1=" " ind2="4" tag="264">
    <subfield code="c">©1907</subfield>
  </datafield>
  <datafield ind1=" " ind2=" " tag="300">
    <subfield code="a">471 pages, 6 unnumbered pages, 6 unnumbered leaves of plates :</subfield>
    <subfield code="b">illustrations ;</subfield>
    <subfield code="c">20 cm</subfield>
  </datafield>
  <datafield ind1=" " ind2=" " tag="336">
    <subfield code="a">text</subfield>
    <subfield code="b">txt</subfield>
    <subfield code="2">rdacontent</subfield>
  </datafield>
  <datafield ind1=" " ind2=" " tag="337">
    <subfield code="a">unmediated</subfield>
    <subfield code="b">n</subfield>
    <subfield code="2">rdamedia</subfield>
  </datafield>
  <datafield ind1=" " ind2=" " tag="338">
    <subfield code="a">volume</subfield>
    <subfield code="b">nc</subfield>
    <subfield code="2">rdacarrier</subfield>
  </datafield>
  <datafield ind1=" " ind2=" " tag="530">
    <subfield code="a">Also available in digital form.</subfield>
  </datafield>
  <datafield ind1=" " ind2="7" tag="655">
    <subfield code="a">Juvenile literature</subfield>
    <subfield code="y">1904.</subfield>
    <subfield code="2">rbgenr</subfield>
  </datafield>
  <datafield ind1="1" ind2=" " tag="700">
    <subfield code="a">Wireman, Eugenie M.,</subfield>
    <subfield code="d">1874 or 1875-1961,</subfield>
    <subfield code="e">illustrator.</subfield>
  </datafield>
  <datafield ind1="2" ind2=" " tag="710">
    <subfield code="a">Lothrop Publishing Company,</subfield>
    <subfield code="e">publisher.</subfield>
  </datafield>
  <datafield ind1="4" ind2="1" tag="856">
    <subfield code="u">http://hdl.loc.gov/loc.gdc/scd0001.00024611681</subfield>
  </datafield>
  <datafield ind1=" " ind2=" " tag="984">
    <subfield code="a">gsl</subfield>
  </datafield>
  <datafield ind1=" " ind2=" " tag="985">
    <subfield code="h">pz7p</subfield>
  </datafield>
  <datafield ind1=" " ind2=" " tag="985">
    <subfield code="a">massdig</subfield>
    <subfield code="e">kaia</subfield>
  </datafield>
  <datafield ind1=" " ind2=" " tag="991">
    <subfield code="b">c-GenColl</subfield>
    <subfield code="h">PZ7.L913</subfield>
    <subfield code="i">Fif</subfield>
    <subfield code="t">Copy 1</subfield>
    <subfield code="w">PREM</subfield>
  </datafield>
  <datafield ind1=" " ind2=" " tag="991">
    <subfield code="b">c-GenColl</subfield>
    <subfield code="h">PZ7.L913</subfield>
    <subfield code="i">Fif</subfield>
    <subfield code="p">00024611681</subfield>
    <subfield code="t">Copy 2</subfield>
    <subfield code="w">CCF</subfield>
  </datafield>
</record>
